000 00630cam a22002411 4500
001 sa 67001530
003 DLC
005 20260227112323.0
008 890801s1966 ii a b 000 0 hino
010 _asa 67001530
035 _a(OCoLC)20109542
040 _aDLC
_cWaU
_dOCoLC
_dDLC
042 _apremarc
050 0 0 _aLB1028
_b.S5
100 1 _aSingh, Rajendra Pal,
_d1932-
245 1 0 _aAnusandhāna kī rūparekhā.
260 _c[1966]
300 _a183, [1] p.
_billus.
_c23 cm.
500 _aIn Hindi.
504 _aBibliography: p. [184]
650 0 _aEducation
_xResearch.
650 0 _aSocial sciences
_xResearch.
999 _c72696
_d72696